| 000 | 00904nac a22002651i 4500 | ||
|---|---|---|---|
| 003 | EG-ScBUE | ||
| 005 | 20240627095759.0 | ||
| 008 | 240627t1997 it ab f b 001 0 eng d | ||
| 020 | _a1840370459 | ||
| 040 |
_aEG-ScBUE _beng _erda _cEG-ScBUE _dEG-ScBUE |
||
| 043 | _af-ua--- | ||
| 082 | 0 | 4 |
_a962 _bGUA _222 |
| 100 | 1 |
_aGuadalupi, Gianni, _eauthor. |
|
| 245 | 1 | 4 |
_aThe discovery of the Nile / _c[Gianni Guadalupi] |
| 264 | 1 |
_aVercelli, Italy : _bWhite Star, _c[1997] |
|
| 264 | 4 | _cc1997 | |
| 300 |
_a351 pages : _billustrations (some color), color maps ; _c37 cm |
||
| 336 |
_2rdacontent _atext _btxt |
||
| 337 |
_aunmediated _2rdamedia _bn |
||
| 338 |
_avolume _bnc _2rdacarrier |
||
| 500 | _aSome pages fold-out to reveal other illustrations. | ||
| 504 | _aIncludes bibliographical references and index. | ||
| 651 | 7 |
_aNile River Valley _xDiscovery and exploration. _2BUEsh |
|
| 942 |
_cNB _2ddc |
||
| 999 |
_c2739 _d2739 |
||